[Event "1. Bl. 0607"]
[Site "?"]
[Date "2007.03.11"]
[Round "11.3"]
[White "Tratar, Marko"]
[Black "Shengelia, Davit"]
[Result "1/2-1/2"]
[WhiteElo "2478"]
[BlackElo "2523"]
[PlyCount "84"]
[EventDate "2006.11.03"]
[EventType "team"]
[EventRounds "11"]
[EventCountry "AUT"]
[WhiteTeam "SK KlZtg MPOe Maria Saal"]
[BlackTeam "Styria Graz   KlZeitung"]

1. Nf3 Nf6 2. c4 e6 3. Nc3 Bb4 4. Qc2 b6 5. a3 Bxc3 6. Qxc3 Bb7 7. b4 d6 8. Bb2
Nbd7 9. g3 c5 10. Bg2 Rc8 11. O-O O-O 12. d3 Rc7 13. a4 d5 14. a5 d4 15. Qd2 e5
16. axb6 axb6 17. bxc5 bxc5 18. e4 Ne8 19. Nh4 Nd6 20. Bh3 Qe7 21. Bc1 Bc8 22.
Qe2 Nb8 23. Bxc8 Rcxc8 24. f4 Nc6 25. Nf3 exf4 26. Bxf4 f6 27. Bxd6 Qxd6 28.
Ra6 Qc7 29. Rfa1 Qb7 30. Nh4 Ra8 31. Rxa8 Rxa8 32. Rxa8+ Qxa8 33. Nf3 Qb8 34.
Kf2 h6 35. Qa2 Nb4 36. Qb3 Qa7 37. Ne1 Qa1 38. Ke2 Qc1 39. Qd1 Qe3+ 40. Kf1 Kh7
41. Qg4 Nxd3 42. Qf5+ Kh8 1/2-1/2

[Event "1. Bl. 0607"]
[Site "?"]
[Date "2007.03.11"]
[Round "11.6"]
[White "Danner, Georg"]
[Black "Hoelzl, Franz"]
[Result "1-0"]
[WhiteElo "2421"]
[BlackElo "2353"]
[PlyCount "89"]
[EventDate "2006.11.03"]
[EventType "team"]
[EventRounds "11"]
[EventCountry "AUT"]
[WhiteTeam "Styria Graz   KlZeitung"]
[BlackTeam "SK KlZtg MPOe Maria Saal"]

1. d4 Nf6 2. c4 e6 3. Nf3 d5 4. e3 Bb4+ 5. Nbd2 O-O 6. a3 Bd6 7. Be2 b6 8. O-O
Nbd7 9. b3 Bb7 10. Bb2 Ne4 11. Ne5 Nxd2 12. Qxd2 Bxe5 13. dxe5 Nc5 14. Qc2 Qg5
15. f4 Qg6 16. Qxg6 hxg6 17. b4 Na4 18. Ra2 a5 19. b5 dxc4 20. Bxc4 Nxb2 21.
Rxb2 Rfd8 22. Kf2 Kf8 23. Rc1 Rd7 24. Be2 Ke7 25. Rbc2 Rc8 26. h4 Be4 27. Rc4
Bd5 28. R4c3 f6 29. exf6+ gxf6 30. g4 f5 31. g5 Rh8 32. h5 gxh5 33. Rxc7 Rxc7
34. Rxc7+ Kd6 35. Rc1 h4 36. Bf3 e5 37. Bxd5 Kxd5 38. Rc6 exf4 39. exf4 Ke4 40.
Rc4+ Kd5 41. Rc6 Ke4 42. Rxb6 Kxf4 43. g6 Rh5 44. Rc6 h3 45. Kg1 1-0

[Event "1. Bl. 0607"]
[Site "?"]
[Date "2007.03.11"]
[Round "11.5"]
[White "Novkovic, Milan"]
[Black "Stanec, Nikolaus"]
[Result "0-1"]
[WhiteElo "2415"]
[BlackElo "2504"]
[PlyCount "122"]
[EventDate "2006.11.03"]
[EventType "team"]
[EventRounds "11"]
[EventCountry "AUT"]
[WhiteTeam "SK Hohenems"]
[BlackTeam "Union Ansfelden"]

1. Nf3 Nf6 2. c4 d6 3. d4 g6 4. Nc3 Bg7 5. Bg5 h6 6. Bh4 g5 7. Bg3 Nh5 8. e3 e6
9. Qc2 Nd7 10. Be2 Ndf6 11. Rd1 O-O 12. d5 e5 13. Bd3 Bd7 14. Bf5 Qc8 15. Bxd7
Qxd7 16. e4 Nh7 17. Nd2 Nf4 18. O-O h5 19. f3 Kh8 20. Rde1 f5 21. exf5 Rxf5 22.
Nde4 a6 23. Qd2 Rg8 24. Bxf4 gxf4 25. Kh1 Rf7 26. Rg1 Bh6 27. Qf2 b6 28. b4 Nf8
29. c5 bxc5 30. bxc5 Qd8 31. Rb1 Ng6 32. cxd6 cxd6 33. Rb6 Bf8 34. Rxa6 Nh4 35.
Nb5 Nf5 36. g4 fxg3 37. hxg3 Rh7 38. Rc6 Be7 39. Kh2 Qf8 40. a4 Qh6 41. Qd2 Qg6
42. Qc1 Bf8 43. Rc8 Rf7 44. a5 Ne7 45. Nbxd6 Rxf3 46. Rc3 Bh6 47. Qe1 Rff8 48.
Rd3 h4 49. g4 Bf4+ 50. Kh1 Bg3 51. Qe2 Qh7 52. Kg2 Ng6 53. Rf3 Nf4+ 54. Rxf4
exf4 55. Qb2+ Rg7 56. Nf5 Rxf5 57. gxf5 Qxf5 58. Nf2 Qxd5+ 59. Kf1 f3 60. Qc3
Qb5+ 61. Qd3 Rc7 0-1

[Event "1. Bl. 0607"]
[Site "?"]
[Date "2007.03.11"]
[Round "11.3"]
[White "Stangl, Markus"]
[Black "Schwaninger, Wolfgang"]
[Result "1-0"]
[WhiteElo "2465"]
[BlackElo "2210"]
[PlyCount "22"]
[EventDate "2006.11.03"]
[EventType "team"]
[EventRounds "11"]
[EventCountry "AUT"]
[WhiteTeam "SK Sparkasse Jenbach"]
[BlackTeam "SV Tschaturanga Neubau"]

1. d4 Nf6 2. Nf3 d6 3. Nc3 g6 4. e4 Bg7 5. Bf4 c6 6. Qd2 Qa5 7. O-O-O b5 8. e5
b4 9. exf6 bxc3 10. Qxc3 Qxc3 11. fxg7 Qa5 1-0

[Event "1. Bl. 0607"]
[Site "?"]
[Date "2007.03.11"]
[Round "11.4"]
[White "Kreindl, Helmut"]
[Black "Reich, Thomas"]
[Result "0-1"]
[WhiteElo "2205"]
[BlackElo "2433"]
[PlyCount "82"]
[EventDate "2006.11.03"]
[EventType "team"]
[EventRounds "11"]
[EventCountry "AUT"]
[WhiteTeam "SV Tschaturanga Neubau"]
[BlackTeam "SK Sparkasse Jenbach"]

1. d4 g6 2. Nf3 Nf6 3. Bg5 Bg7 4. e3 O-O 5. Be2 b6 6. O-O Ne4 7. Bf4 d6 8. Nbd2
Nxd2 9. Qxd2 c5 10. c3 Bb7 11. a4 Nd7 12. Rfd1 a6 13. d5 Nf6 14. c4 b5 15. axb5
axb5 16. Rxa8 Qxa8 17. b3 Ne4 18. Qc2 Nc3 19. Re1 Nxe2+ 20. Rxe2 Qa1+ 21. Re1
Ra8 22. h4 Qc3 23. Qxc3 Bxc3 24. Rc1 b4 25. e4 f6 26. Bd2 Bb2 27. Rb1 Ra2 28.
Kf1 Bc8 29. Ne1 f5 30. f3 Bd4 31. Ke2 Bc3 32. Rd1 fxe4 33. fxe4 Bg4+ 34. Nf3
Rb2 35. Ke3 Bxd2+ 36. Rxd2 Rxb3+ 37. Kf4 Bxf3 38. gxf3 Rc3 39. Ra2 Rxc4 40.
Ra8+ Kf7 41. Rh8 b3 0-1

[Event "1. Bl. 0607"]
[Site "?"]
[Date "2007.03.11"]
[Round "11.5"]
[White "Kleissl, Helmut"]
[Black "Zsifkovits, Robert"]
[Result "1-0"]
[WhiteElo "2311"]
[BlackElo "2172"]
[PlyCount "51"]
[EventDate "2006.11.03"]
[EventType "team"]
[EventRounds "11"]
[EventCountry "AUT"]
[WhiteTeam "SK Sparkasse Jenbach"]
[BlackTeam "SV Tschaturanga Neubau"]

1. Nf3 c5 2. c4 e6 3. Nc3 b6 4. g3 Bb7 5. Bg2 d6 6. e4 Be7 7. O-O Qc7 8. d3 a6
9. Be3 Nf6 10. Ng5 Nc6 11. f4 h6 12. Nh3 h5 13. f5 e5 14. Nd5 Nxd5 15. exd5 Nd4
16. Bxd4 exd4 17. b4 Bf6 18. Re1+ Kf8 19. Rb1 Re8 20. bxc5 bxc5 21. Be4 Be5 22.
Qa4 Bc8 23. Kg2 Rg8 24. Rf1 Rh8 25. Rb2 Kg8 26. Qxe8+ 1-0

[Event "1. Bl. 0607"]
[Site "?"]
[Date "2007.03.11"]
[Round "11.6"]
[White "Petschar, Hans"]
[Black "Hoellrigl, Wilfried"]
[Result "1-0"]
[WhiteElo "2109"]
[BlackElo "2256"]
[PlyCount "138"]
[EventDate "2006.11.03"]
[EventType "team"]
[EventRounds "11"]
[EventCountry "AUT"]
[WhiteTeam "SV Tschaturanga Neubau"]
[BlackTeam "SK Sparkasse Jenbach"]

1. c4 g6 2. Nc3 Bg7 3. Nf3 c5 4. d4 cxd4 5. Nxd4 d6 6. e4 Nf6 7. Be2 O-O 8. O-O
Nc6 9. Be3 Bd7 10. Qd2 Nxd4 11. Bxd4 Bc6 12. f3 a5 13. Rab1 Nd7 14. Be3 Nc5 15.
Rfc1 f5 16. exf5 Rxf5 17. Nd5 e6 18. Nf4 Qe7 19. Nd3 Nxd3 20. Bxd3 Rh5 21. Qf2
Be5 22. f4 Rf8 23. Qg3 Bf6 24. Rc2 Kh8 25. Rf1 Bh4 26. Qg4 e5 27. c5 exf4 28.
Bxf4 dxc5 29. Re2 Qg7 30. Qe6 Qd4+ 31. Qe3 Qxe3+ 32. Rxe3 Bf6 33. Bd6 Bd4 34.
Rxf8+ Kg7 35. Kf2 Rd5 36. Rd8 c4 37. Bf8+ Kf6 38. Rxd5 Bxd5 39. Bc2 Bxe3+ 40.
Kxe3 Bxg2 41. Kd4 Bf1 42. Kc5 Bd3 43. Bd1 b5 44. a3 g5 45. Bf3 b4 46. axb4 axb4
47. Kxb4 Ke5 48. Kc3 Bf1 49. Bg7+ Kf4 50. Bd5 h5 51. Bxc4 Bg2 52. Kd4 g4 53.
Be5+ Kg5 54. Ke3 h4 55. Bf4+ Kf6 56. Bc7 Kf5 57. Bd3+ Kg5 58. Bf4+ Kf6 59. Kf2
Bd5 60. Bc7 Ke7 61. b4 Kd7 62. Bf4 Ke6 63. Bg5 h3 64. Kg3 Bf3 65. Bf4 Kf6 66.
Kh4 Ke6 67. Kg5 Kd5 68. Bf5 Kc4 69. Bxg4 Kd4 1-0

[Event "1. Bl. 0607"]
[Site "?"]
[Date "2007.03.11"]
[Round "11.2"]
[White "Likavsky, Tomas"]
[Black "Korneev, Oleg"]
[Result "1/2-1/2"]
[WhiteElo "2492"]
[BlackElo "2606"]
[PlyCount "93"]
[EventDate "2006.11.03"]
[EventType "team"]
[EventRounds "11"]
[EventCountry "AUT"]
[WhiteTeam "ASVOe Wulkaprodersdorf"]
[BlackTeam "SpG Holz Dohr   Semriach"]

1. d4 d5 2. c4 e6 3. Nf3 Nf6 4. g3 dxc4 5. Qa4+ Nbd7 6. Bg2 a6 7. Nc3 Be7 8.
Ne5 O-O 9. Nxc4 Nb6 10. Nxb6 cxb6 11. Qd1 b5 12. O-O b4 13. Ne4 Nd5 14. Nc5 b6
15. Nd3 a5 16. e4 Nf6 17. Ne5 Bb7 18. Re1 Nd7 19. f4 Nxe5 20. fxe5 f6 21. exf6
Bxf6 22. Be3 Bg5 23. Qd2 Bxe3+ 24. Qxe3 Qe7 25. Rad1 Rad8 26. d5 exd5 27. exd5
Qxe3+ 28. Rxe3 Rf6 29. Re5 Kf8 30. Bh3 Bc8 31. Bxc8 Rxc8 32. d6 Rd8 33. d7 Kf7
34. Rd2 Re6 35. Red5 Ke7 36. b3 Rc6 37. Kf2 Rf8+ 38. Kg2 Kd8 39. h4 Rf7 40. Kh3
Rc7 41. Rb5 Rc6 42. Rh5 g6 43. Rhd5 h5 44. Rd6 Rf6 45. R6d5 Rf7 46. Rd6 Rf6 47.
R6d5 1/2-1/2

[Event "1. Bl. 0607"]
[Site "?"]
[Date "2007.03.11"]
[Round "11.3"]
[White "Baklan, Vladimir"]
[Black "Polzin, Rainer"]
[Result "1/2-1/2"]
[WhiteElo "2618"]
[BlackElo "2470"]
[PlyCount "75"]
[EventDate "2006.11.03"]
[EventType "team"]
[EventRounds "11"]
[EventCountry "AUT"]
[WhiteTeam "SpG Holz Dohr   Semriach"]
[BlackTeam "ASVOe Wulkaprodersdorf"]

1. e4 c5 2. c3 e6 3. d4 d5 4. exd5 exd5 5. Nf3 Nc6 6. Be3 c4 7. b3 cxb3 8. axb3
Bd6 9. Bd3 Bg4 10. Nbd2 Nf6 11. O-O O-O 12. Re1 Re8 13. Bg5 Rxe1+ 14. Qxe1 h6
15. Bh4 g5 16. Bg3 Bxg3 17. hxg3 Qc7 18. Nf1 Re8 19. Ne3 a6 20. Ra2 Bd7 21. Re2
Kf8 22. b4 Qd6 23. Qb1 Ng4 24. b5 axb5 25. Nxg4 Rxe2 26. Bxe2 Bxg4 27. Bxb5
Bxf3 28. gxf3 Kg7 29. Qb2 Ne7 30. Bd3 Qc7 31. Qb3 Qd7 32. Kg2 Ng8 33. Bb5 Qd6
34. c4 dxc4 35. Bxc4 Qd7 36. d5 Nf6 37. d6 b5 38. Qxb5 1/2-1/2

[Event "1. Bl. 0607"]
[Site "?"]
[Date "2007.03.11"]
[Round "11.4"]
[White "Sommerbauer, Norbert"]
[Black "Freitag, Manfred"]
[Result "1/2-1/2"]
[WhiteElo "2463"]
[BlackElo "2402"]
[PlyCount "41"]
[EventDate "2006.11.03"]
[EventType "team"]
[EventRounds "11"]
[EventCountry "AUT"]
[WhiteTeam "ASVOe Wulkaprodersdorf"]
[BlackTeam "SpG Holz Dohr   Semriach"]

1. e4 c5 2. Nc3 a6 3. g3 b5 4. Bg2 Bb7 5. Nge2 e6 6. O-O d6 7. d4 cxd4 8. Nxd4
Nf6 9. Re1 Nbd7 10. Bg5 Qb6 11. a4 b4 12. Na2 Rb8 13. Be3 Nc5 14. c3 b3 15. Nc1
Bxe4 16. Bxe4 Nfxe4 17. Ndxb3 Qc6 18. Nxc5 Nxc5 19. Nd3 Nxd3 20. Qxd3 Be7 21.
b4 1/2-1/2

[Event "1. Bl. 0607"]
[Site "?"]
[Date "2007.03.11"]
[Round "11.6"]
[White "Volkmann, Friedrich Karl"]
[Black "Wegerer, Fred"]
[Result "1-0"]
[WhiteElo "2418"]
[BlackElo "2235"]
[PlyCount "81"]
[EventDate "2006.11.03"]
[EventType "team"]
[EventRounds "11"]
[EventCountry "AUT"]
[WhiteTeam "ASVOe Wulkaprodersdorf"]
[BlackTeam "SpG Holz Dohr   Semriach"]

1. e4 c5 2. Nf3 Nc6 3. d4 cxd4 4. Nxd4 e5 5. Nb5 d6 6. Bc4 Be6 7. Bxe6 fxe6 8.
Qh5+ Kd7 9. O-O Nf6 10. Qe2 Qe8 11. Rd1 a6 12. N5a3 b5 13. b4 Qh5 14. f3 Be7
15. Be3 Rhc8 16. c4 Ke8 17. cxb5 axb5 18. Nxb5 d5 19. exd5 Nxd5 20. N1c3 Ncxb4
21. Bd2 Nc2 22. Nxd5 exd5 23. Rac1 Rxa2 24. Qd3 Rc5 25. Qb3 Nd4 26. Qxa2 Rxb5
27. Be3 Nxf3+ 28. gxf3 Qxf3 29. Qf2 Qg4+ 30. Qg2 Rb4 31. Rxd5 Qe6 32. Kh1 Rg4
33. Qf3 e4 34. Qf5 Qxf5 35. Rxf5 Bd6 36. Rd5 Ke7 37. Rc6 Bf4 38. Bc5+ Ke8 39.
Re6+ Kf7 40. Rxe4 g5 41. Bf2 1-0